ՀՀ Գիտությունների ազգային ակադեմիայի հիմնարար գիտական գրադարան  =   Fundamental Scientific Library of NAS RA

Пушкин и его время. (Record no. 513736)

MARC details
000 -LEADER
fixed length control field 00843-am-a2200253-a-4500
001 - CONTROL NUMBER
control field 000160858
003 - CONTROL NUMBER IDENTIFIER
control field AM-YEHGA
005 - DATE AND TIME OF LATEST TRANSACTION
control field 20250618075947.0
008 - FIXED-LENGTH DATA ELEMENTS--GENERAL INFORMATION
fixed length control field 971105s1962 xxu 000 0 rus u
020 ## - INTERNATIONAL STANDARD BOOK NUMBER
Terms of availability 350.00
040 ## - CATALOGING SOURCE
Original cataloging agency AM-YeHGA
090 ## - LOCALLY ASSIGNED LC-TYPE CALL NUMBER (OCLC); LOCAL CALL NUMBER (RLIN)
-- 517252
245 00 - TITLE STATEMENT
Title Пушкин и его время.
260 0# - PUBLICATION, DISTRIBUTION, ETC.
Place of publication, distribution, etc. Л. :
Name of publisher, distributor, etc. Изд-во Гос. Эрмитажа,
Date of publication, distribution, etc. 1962.
300 ## - PHYSICAL DESCRIPTION
Extent 603с. :
Other physical details ил. ;
Dimensions 22 см.
440 #0 - SERIES STATEMENT/ADDED ENTRY--TITLE
Title Исследования и материалы
Volume/sequential designation Вып.1
500 ## - GENERAL NOTE
General note Всесоюз. музей А.С.Пушкина
650 14 - SUBJECT ADDED ENTRY--TOPICAL TERM
Topical term or geographic name entry element Художественная литература
9 (RLIN) 4918
653 ## - INDEX TERM--UNCONTROLLED
Uncontrolled term Русская литература
700 10 - ADDED ENTRY--PERSONAL NAME
Personal name Вейс, А.Ю.
Relationship edt
700 1# - ADDED ENTRY--PERSONAL NAME
Personal name Гордин, А.М.
Relationship edt
700 1# - ADDED ENTRY--PERSONAL NAME
Personal name Ланда, С.С.
Relationship edt
700 1# - ADDED ENTRY--PERSONAL NAME
Personal name Калаушин, М.М.
Relationship edt
Holdings
Withdrawn status Lost status Damaged status Not for loan Collection Home library Current library Date acquired Total checkouts Full call number Barcode Date last seen Price effective from Koha item type Public note
        General Fundamental Scientific Library Fundamental Scientific Library 09/08/2021   РII/58890 FL0655976 09/08/2021 09/08/2021 Գրքեր / Books 30 Days Loan


ՀՀ ԳԱԱ հիմնարար գիտական գրադարան
ՀՀ,Երևան 0019
Մարշալ Բաղրամյան 24/6
հեռախոս:(374-10) 52-47-50
Հետադարձ կապ

All site content, except where otherwise noted, is licensed under a
Creative Commons License